[Event "RA-2014-0-00362"]
[Site "LSS email"]
[Date "2014.11.18"]
[Round "?"]
[White "Corti, Horacio"]
[Black "Usmanoff, Rustam Pulatovich"]
[Result "1/2-1/2"]
[WhiteElo "2109"]
[BlackElo "2166"]
[PlyCount "79"]
[EventDate "2014.11.02"]
[EventType "tourn (corr)"]
[EventRounds "6"]
[EventCountry "GER"]
[SourceTitle "Corr 2015"]
[Source "ChessBase"]
[SourceDate "2015.07.17"]
[SourceVersion "1"]
[SourceVersionDate "2015.07.17"]
[SourceQuality "1"]

1. d4 Nf6 2. Nf3 d5 3. c4 c6 4. Nc3 e6 5. e3 Nbd7 6. Qc2 Bd6 7. Bd3 0-0 8. 0-0 dxc4 9. Bxc4 b5 10. Bd3 Bb7 11. a3 a5 12. Rd1 Qc7 13. Bd2 Qb8 14. e4 e5 15. dxe5 Nxe5 16. Nxe5 Bxe5 17. h3 Re8 18. Be3 Bf4 19. Bxf4 Qxf4 20. Qc1 Qb8 21. Qe3 Nd5 22. Nxd5 cxd5 23. Rac1 b4 24. axb4 axb4 25. Qb6 dxe4 26. Bc4 Ba6 27. Qxb8 Rexb8 28. Bd5 Ra7 29. Ra1 Kf8 30. Re1 Rb6 31. Bc4 Ra8 32. Rxe4 Bb7 33. Rxa8+ Bxa8 34. Rd4 Ke7 35. f3 Rd6 36. Rxd6 Kxd6 37. Bxf7 Bd5 38. Be8 Ke5 39. Kf2 Kd4 40. Ke2 1/2-1/2

[Event "RA-2014-0-00362"]
[Site "LSS email"]
[Date "2014.11.18"]
[Round "?"]
[White "Sorcinelli, Andrea"]
[Black "Usmanoff, Rustam Pulatovich"]
[Result "1/2-1/2"]
[WhiteElo "2127"]
[BlackElo "2166"]
[PlyCount "85"]
[EventDate "2014.11.02"]
[EventType "tourn (corr)"]
[EventRounds "6"]
[EventCountry "GER"]
[SourceTitle "Corr 2015"]
[Source "ChessBase"]
[SourceDate "2015.07.17"]
[SourceVersion "1"]
[SourceVersionDate "2015.07.17"]
[SourceQuality "1"]

1. e4 e5 2. Nf3 Nc6 3. Bb5 a6 4. Ba4 Nf6 5. 0-0 b5 6. Bb3 Bb7 7. d3 Be7 8. Nc3 d6 9. Nd5 Na5 10. Nxe7 Qxe7 11. Nh4 g6 12. Nf3 Nxb3 13. axb3 0-0 14. Bg5 Qe6 15. Qe2 Nd7 16. Bh6 Rfe8 17. Ng5 Qe7 18. f3 f6 19. Nh3 g5 20. Nf2 Kh8 21. Ng4 Rg8 22. h4 Rg6 23. Qd2 Bc8 24. h5 Rg8 25. b4 Nb8 26. c4 bxc4 27. b5 Be6 28. Rfd1 Nd7 29. Rxa6 cxd3 30. Rxa8 Rxa8 31. Qxd3 Nb6 32. Ne3 Qf7 33. g4 Nd7 34. Qc3 Ra7 35. Rc1 Nb6 36. Qd2 Kg8 37. Rc6 Qe8 38. Qc2 Qb8 39. Nf5 Ra1+ 40. Kh2 Ra7 41. Ne7+ Kh8 42. Rc3 Bd7 43. Nc6 1/2-1/2

[Event "RA-2014-0-00349"]
[Site "LSS email"]
[Date "2014.09.20"]
[Round "?"]
[White "Alexandre Bisquert, Francisco"]
[Black "Usmanoff, Rustam Pulatovich"]
[Result "0-1"]
[WhiteElo "2016"]
[BlackElo "2139"]
[PlyCount "93"]
[EventDate "2014.08.28"]
[EventType "tourn (corr)"]
[EventRounds "6"]
[EventCountry "GER"]
[SourceTitle "Corr 2015"]
[Source "ChessBase"]
[SourceDate "2015.07.17"]
[SourceVersion "1"]
[SourceVersionDate "2015.07.17"]
[SourceQuality "1"]

1. d4 Nf6 2. c4 e6 3. Nf3 d5 4. Nc3 c6 5. e3 Nbd7 6. Qc2 Bd6 7. Bd3 0-0 8. 0-0 dxc4 9. Bxc4 a6 10. Rd1 b5 11. Be2 Qc7 12. Bd2 c5 13. dxc5 Qxc5 14. b4 Qc7 15. Rac1 Bb7 16. a4 bxa4 17. Qxa4 Qd8 18. Nd4 Qe7 19. Nb3 Rac8 20. Na5 Ba8 21. b5 Ba3 22. Rb1 axb5 23. Nxb5 Bc5 24. Nb3 Ne4 25. Nxc5 Ndxc5 26. Qb4 Nxd2 27. Rxd2 Qg5 28. g3 Ne4 29. f4 Qf5 30. Bd3 Rc4 31. Qa3 Qd5 32. Rdd1 Qh5 33. Qb2 Rcc8 34. Qe2 Qc5 35. Rb3 Nf6 36. h3 Nd5 37. Bb1 Bc6 38. Kf2 Rb8 39. Nd4 Nc3 40. Rc1 Ne4+ 41. Bxe4 Qxc1 42. Nxc6 Rxb3 43. Bxh7+ Kh8 44. Bc2 Rb5 45. Ne5 Rxe5 46. fxe5 g6 47. Qd1 0-1

[Event "SA-2014-0-00429"]
[Site "LSS email"]
[Date "2014.09.03"]
[Round "?"]
[White "Morcin, Tom"]
[Black "Usmanoff, Rustam Pulatovich"]
[Result "1/2-1/2"]
[WhiteElo "2095"]
[BlackElo "2166"]
[PlyCount "67"]
[EventDate "2014.08.19"]
[EventType "tourn (corr)"]
[EventRounds "6"]
[EventCountry "GER"]
[SourceTitle "Corr 2015"]
[Source "ChessBase"]
[SourceDate "2015.07.17"]
[SourceVersion "1"]
[SourceVersionDate "2015.07.17"]
[SourceQuality "1"]

1. d4 Nf6 2. c4 e6 3. Nc3 Bb4 4. Qc2 0-0 5. Nf3 c5 6. dxc5 Na6 7. g3 Nxc5 8. Bg2 Nce4 9. 0-0 Nxc3 10. bxc3 Bc5 11. Rd1 Ng4 12. e3 Qc7 13. Nd4 a6 14. Qe2 Ne5 15. Nb3 Rb8 16. Nxc5 Qxc5 17. Rd4 b5 18. cxb5 axb5 19. Rb1 d6 20. a4 Ba6 21. Rdb4 Qxc3 22. axb5 Bb7 23. R4b3 Qc4 24. Qxc4 Nxc4 25. e4 Rfc8 26. Rb4 Ra8 27. b6 f6 28. f4 Ra2 29. Bf1 d5 30. exd5 exd5 31. Bd3 g6 32. Bb2 Nxb2 33. R4xb2 Rxb2 34. Rxb2 1/2-1/2

[Event "RA-2014-0-00337"]
[Site "LSS email"]
[Date "2014.07.22"]
[Round "?"]
[White "Usmanoff, Rustam Pulatovich"]
[Black "Vaassen, Jack M"]
[Result "1/2-1/2"]
[WhiteElo "2139"]
[BlackElo "2125"]
[PlyCount "95"]
[EventDate "2014.06.29"]
[EventType "tourn (corr)"]
[EventRounds "6"]
[EventCountry "GER"]
[SourceTitle "Corr 2015"]
[Source "ChessBase"]
[SourceDate "2015.07.17"]
[SourceVersion "1"]
[SourceVersionDate "2015.07.17"]
[SourceQuality "1"]

1. d4 Nf6 2. c4 e6 3. Nc3 d5 4. Bg5 Be7 5. Nf3 h6 6. Bh4 0-0 7. e3 b6 8. Be2 Bb7 9. Bxf6 Bxf6 10. cxd5 exd5 11. b4 c6 12. 0-0 a5 13. b5 c5 14. Ne5 cxd4 15. exd4 Bxe5 16. dxe5 d4 17. Na4 Qg5 18. Bg4 Qxe5 19. Nxb6 Ra7 20. Rc1 Qxb5 21. Qxd4 Qg5 22. h3 Nc6 23. Qc5 Qxc5 24. Rxc5 Rd8 25. Rfc1 Nd4 26. Rc7 Nb5 27. Re7 Ba6 28. Rce1 Rxe7 29. Rxe7 Nc3 30. Ra7 Be2 31. Na4 Bxg4 32. Nxc3 Be6 33. Rxa5 Rc8 34. Ne4 Rc1+ 35. Kh2 g5 36. f3 Kg7 37. a4 Ra1 38. Nc3 f5 39. Nb5 f4 40. Nc3 Ra3 41. Ra7+ Kf6 42. Nb5 Ra2 43. Ra6 Kf7 44. a5 Ke7 45. Nd4 Bd7 46. Rxh6 Rxa5 47. Nc6+ Bxc6 48. Rxc6 1/2-1/2

[Event "RA-2014-0-00337"]
[Site "LSS email"]
[Date "2014.07.20"]
[Round "?"]
[White "Oliveira, Diogo Luiz"]
[Black "Usmanoff, Rustam Pulatovich"]
[Result "1/2-1/2"]
[WhiteElo "2081"]
[BlackElo "2139"]
[PlyCount "65"]
[EventDate "2014.06.29"]
[EventType "tourn (corr)"]
[EventRounds "6"]
[EventCountry "GER"]
[SourceTitle "Corr 2015"]
[Source "ChessBase"]
[SourceDate "2015.07.17"]
[SourceVersion "1"]
[SourceVersionDate "2015.07.17"]
[SourceQuality "1"]

1. e4 e5 2. Nf3 Nc6 3. Bb5 a6 4. Ba4 Nf6 5. 0-0 b5 6. Bb3 Bb7 7. d3 Be7 8. Nc3 d6 9. Nd5 Na5 10. Nxe7 Qxe7 11. Nh4 g6 12. Nf3 Nxb3 13. axb3 0-0 14. Re1 Nd7 15. h4 Rfe8 16. Bd2 f5 17. c4 Nc5 18. Qc2 Ne6 19. b4 Rf8 20. cxb5 axb5 21. Ra5 fxe4 22. dxe4 Qd7 23. Bh6 Rxa5 24. bxa5 Rxf3 25. gxf3 Nd4 26. Qc3 Qh3 27. Re3 c5 28. a6 Bxa6 29. Qa5 Qxh4 30. Qxa6 Qxh6 31. Qxd6 Qg5+ 32. Kf1 c4 33. Ra3 1/2-1/2

[Event "RA-2014-0-00319"]
[Site "LSS email"]
[Date "2014.04.15"]
[Round "?"]
[White "Ortiz, Manuel"]
[Black "Usmanoff, Rustam Pulatovich"]
[Result "1/2-1/2"]
[WhiteElo "2058"]
[BlackElo "2110"]
[PlyCount "51"]
[EventDate "2014.03.15"]
[EventType "tourn (corr)"]
[EventRounds "6"]
[EventCountry "GER"]
[SourceTitle "Telechess CBM 167"]
[Source "ChessBase"]
[SourceDate "2015.07.13"]
[SourceVersion "1"]
[SourceVersionDate "2015.07.13"]
[SourceQuality "1"]

1. e4 c5 2. Nf3 d6 3. Bb5+ Bd7 4. Bxd7+ Qxd7 5. 0-0 Nf6 6. Qe2 Nc6 7. c3 e6 8. d4 cxd4 9. cxd4 d5 10. e5 Ne4 11. Be3 f5 12. exf6 gxf6 13. Nc3 0-0-0 14. Bf4 Nxc3 15. bxc3 Bd6 16. Bxd6 Qxd6 17. Rfe1 Rhe8 18. Nh4 Kb8 19. Rab1 Qd7 20. Qf3 Qf7 21. Rb2 Na5 22. Rbe2 Nc4 23. g3 a6 24. Qf4+ Ka7 25. Ng2 Rc8 26. Ne3 1/2-1/2

[Event "SA-2014-0-00399"]
[Site "LSS email"]
[Date "2014.04.09"]
[Round "?"]
[White "Grego, Luis Jose Gonzaga"]
[Black "Usmanoff, Rustam Pulatovich"]
[Result "1/2-1/2"]
[WhiteElo "2076"]
[BlackElo "2139"]
[PlyCount "155"]
[EventDate "2014.03.06"]
[EventType "tourn (corr)"]
[EventRounds "6"]
[EventCountry "GER"]
[SourceTitle "Corr 2015"]
[Source "ChessBase"]
[SourceDate "2015.07.17"]
[SourceVersion "1"]
[SourceVersionDate "2015.07.17"]
[SourceQuality "1"]

1. e4 c5 2. Nf3 d6 3. d4 cxd4 4. Nxd4 Nf6 5. Nc3 a6 6. h3 e5 7. Nde2 h5 8. Bg5 Be6 9. g3 Nbd7 10. Bg2 Be7 11. a4 Rc8 12. 0-0 0-0 13. Qd2 Re8 14. Rfd1 Rc6 15. b3 Qc8 16. Ra2 Bd8 17. a5 Rc5 18. Rda1 Rc6 19. Kh2 Nh7 20. Bxd8 Qxd8 21. f4 Nc5 22. Qe3 Nf6 23. f5 Bc8 24. Nd5 Nxd5 25. exd5 Rc7 26. Rf1 Nd7 27. c4 Nf6 28. Qb6 e4 29. Rf4 Rce7 30. Qxd8 Rxd8 31. Nd4 Kh7 32. Kg1 Rde8 33. Kf2 Bd7 34. Nc2 Re5 35. Ne3 Rb8 36. Ke2 Rg8 37. Kd2 Rc8 38. Rf2 Rc7 39. Rf1 Kh6 40. Raa1 Be8 41. Rad1 Rc5 42. b4 Rc8 43. Kc3 Bb5 44. Rfe1 Bd7 45. Kd4 Rd8 46. c5 Ba4 47. Rc1 Re7 48. Bf1 dxc5+ 49. Rxc5 Red7 50. Bc4 Rd6 51. Ke5 Ne8 52. Ra1 Bd7 53. Kxe4 g6 54. Kf4 Bxf5 55. Nxf5+ gxf5 56. Rd1 Kg6 57. b5 axb5 58. Rxb5 R6d7 59. Rb6+ Nd6 60. Rd4 h4 61. gxh4 Rh8 62. Be2 Rxh4+ 63. Ke5 f6+ 64. Ke6 Rxd4 65. Kxd7 Nf7 66. d6 Rd5 67. Bc4 Ne5+ 68. Ke6 Rxa5 69. Bb3 Kg5 70. Rb4 Nd3 71. h4+ Kg6 72. Rb6 Re5+ 73. Kd7 Kh5 74. Kc8 Nc5 75. d7 Nxd7 76. Kxd7 Kxh4 77. Rxf6 Kg3 78. Rg6+ 1/2-1/2

[Event "SA-2014-0-00399"]
[Site "LSS email"]
[Date "2014.04.08"]
[Round "?"]
[White "Eshuis, Johannes"]
[Black "Usmanoff, Rustam Pulatovich"]
[Result "1/2-1/2"]
[WhiteElo "2055"]
[BlackElo "2139"]
[PlyCount "65"]
[EventDate "2014.03.06"]
[EventType "tourn (corr)"]
[EventRounds "6"]
[EventCountry "GER"]
[SourceTitle "Corr 2015"]
[Source "ChessBase"]
[SourceDate "2015.07.17"]
[SourceVersion "1"]
[SourceVersionDate "2015.07.17"]
[SourceQuality "1"]

1. e4 c5 2. Nf3 Nc6 3. d4 cxd4 4. Nxd4 Nf6 5. Nc3 e5 6. Ndb5 d6 7. Bg5 a6 8. Na3 b5 9. Nd5 Be7 10. Bxf6 Bxf6 11. c4 b4 12. Nc2 Rb8 13. b3 0-0 14. g3 a5 15. Bg2 Bg5 16. h4 Bh6 17. 0-0 g6 18. Qd3 Be6 19. Rad1 a4 20. Bf3 Qc8 21. bxa4 f5 22. Rb1 f4 23. a3 fxg3 24. fxg3 bxa3 25. Nxa3 Rxb1 26. Rxb1 Qa8 27. Nc2 Qa7+ 28. Kg2 Qxa4 29. Rb6 Kh8 30. Nc3 Bxc4 31. Nxa4 Bxd3 32. Rxc6 Bb5 33. Rxd6 1/2-1/2

[Event "ZH-2014-0-01209"]
[Site "LSS email"]
[Date "2014.04.07"]
[Round "?"]
[White "Usmanoff, Rustam Pulatovich"]
[Black "Nowak, Ireneusz"]
[Result "1-0"]
[WhiteElo "2166"]
[BlackElo "2070"]
[PlyCount "145"]
[EventDate "2014.03.29"]
[EventType "match (corr)"]
[EventRounds "2"]
[EventCountry "GER"]
[SourceTitle "Corr 2015"]
[Source "ChessBase"]
[SourceDate "2015.07.17"]
[SourceVersion "1"]
[SourceVersionDate "2015.07.17"]
[SourceQuality "1"]

1. d4 e6 2. e4 d5 3. Nc3 Bb4 4. e5 c5 5. a3 Bxc3+ 6. bxc3 Ne7 7. Qg4 0-0 8. Bd3 Nbc6 9. Nf3 f5 10. Qg5 Qa5 11. Bd2 Qa4 12. dxc5 Ng6 13. Qg3 Qg4 14. Rb1 Qxg3 15. hxg3 Ncxe5 16. Nxe5 Nxe5 17. Bf4 Nf7 18. Bc7 e5 19. 0-0 b6 20. cxb6 axb6 21. Bxb6 Be6 22. Bc5 Rfc8 23. Bb4 e4 24. Bb5 Ne5 25. a4 Nc6 26. Bc5 Na5 27. Bd4 h5 28. Rb4 Kf7 29. Ra1 g6 30. Kf1 g5 31. Ke1 f4 32. Kd2 Kg6 33. gxf4 gxf4 34. g3 fxg3 35. fxg3 Bg4 36. Bf1 Kf7 37. Ke3 Ke6 38. Rab1 Kd7 39. Rb6 Rc6 40. Bb5 Nc4+ 41. Bxc4 Rxb6 42. Bxb6 dxc4 43. a5 Kc6 44. Kxe4 Re8+ 45. Kd4 Be2 46. Ba7 Rd8+ 47. Ke3 Bg4 48. Rb6+ Kd5 49. Rb5+ Kc6 50. Rb4 Re8+ 51. Kd2 Re2+ 52. Kc1 Bf5 53. Rb6+ Kd7 54. Rf6 Rxc2+ 55. Kd1 Be4 56. Bd4 Rg2 57. Bf2 Ke7 58. Rf4 Bb7 59. Ke2 Rh2 60. Ke3 Rh1 61. Kd4 Ba6 62. Kd5 Rd1+ 63. Kc5 Rd3 64. Bd4 Bc8 65. Kb6 Rxg3 66. a6 Bh3 67. a7 Bg2 68. Bc5+ Ke6 69. Rf2 Ba8 70. Rf8 Bh1 71. Bd4 Rg6 72. a8Q Bxa8 73. Rxa8 1-0

[Event "SA-2014-0-00396"]
[Site "LSS email"]
[Date "2014.03.14"]
[Round "?"]
[White "Usmanoff, Rustam Pulatovich"]
[Black "Khan, Valery"]
[Result "1/2-1/2"]
[WhiteElo "2139"]
[BlackElo "2137"]
[PlyCount "62"]
[EventDate "2014.02.02"]
[EventType "tourn (corr)"]
[EventRounds "6"]
[EventCountry "GER"]
[SourceTitle "Corr 2015"]
[Source "ChessBase"]
[SourceDate "2015.07.17"]
[SourceVersion "1"]
[SourceVersionDate "2015.07.17"]
[SourceQuality "1"]

1. e4 e5 2. Nf3 Nc6 3. Bb5 a6 4. Ba4 Nf6 5. 0-0 Be7 6. Re1 b5 7. Bb3 0-0 8. c3 d6 9. h3 Na5 10. Bc2 c5 11. d4 exd4 12. cxd4 Bb7 13. d5 Nd7 14. Nbd2 Re8 15. b3 Bf6 16. Rb1 Bc8 17. Nf1 Ne5 18. Nxe5 Bxe5 19. Nh2 Nb7 20. Nf3 Bc3 21. Bd2 Bxd2 22. Qxd2 f6 23. Qd3 g6 24. Nh4 Bd7 25. Qg3 Qe7 26. Nf5 Qf8 27. h4 Kh8 28. Ne3 Qe7 29. Qh2 Nd8 30. Ra1 Nf7 31. Qg3 Rab8 1/2-1/2

[Event "RA-2014-0-00313"]
[Site "LSS email"]
[Date "2014.02.23"]
[Round "?"]
[White "Usmanoff, Rustam Pulatovich"]
[Black "Willmann, Bernd"]
[Result "1/2-1/2"]
[WhiteElo "2122"]
[BlackElo "2053"]
[PlyCount "75"]
[EventDate "2014.01.19"]
[EventType "tourn (corr)"]
[EventRounds "6"]
[EventCountry "GER"]
[SourceTitle "Telechess CBM 167"]
[Source "ChessBase"]
[SourceDate "2015.07.13"]
[SourceVersion "1"]
[SourceVersionDate "2015.07.13"]
[SourceQuality "1"]

1. e4 e5 2. Nf3 Nc6 3. Bb5 a6 4. Ba4 Nf6 5. 0-0 Be7 6. Re1 b5 7. Bb3 0-0 8. c3 d6 9. h3 Bb7 10. d4 Re8 11. Nbd2 Bf8 12. Bc2 Qd7 13. a3 h6 14. Nf1 Ne7 15. Ng3 Ng6 16. a4 Rad8 17. dxe5 Nxe5 18. axb5 axb5 19. Nxe5 dxe5 20. Qxd7 Rxd7 21. Ra5 Bc6 22. Be3 b4 23. f3 Rb8 24. Nf5 Bb5 25. Bb3 bxc3 26. bxc3 Rd3 27. Rc1 g6 28. Nxh6+ Kh7 29. Ng4 Nxg4 30. Ba7 Bh6 31. Bxb8 Be3+ 32. Kh1 Nf2+ 33. Kh2 Bxc1 34. Rxb5 Rxc3 35. Bxf7 Bf4+ 36. Kg1 Be3 37. Kh2 Bf4+ 38. Kg1 1/2-1/2

[Event "SA-2014-0-00393"]
[Site "LSS email"]
[Date "2014.02.10"]
[Round "?"]
[White "Willmann, Bernd"]
[Black "Usmanoff, Rustam Pulatovich"]
[Result "1/2-1/2"]
[WhiteElo "2075"]
[BlackElo "2110"]
[PlyCount "105"]
[EventDate "2014.01.09"]
[EventType "tourn (corr)"]
[EventRounds "6"]
[EventCountry "GER"]
[SourceTitle "Telechess CBM 167"]
[Source "ChessBase"]
[SourceDate "2015.07.13"]
[SourceVersion "1"]
[SourceVersionDate "2015.07.13"]
[SourceQuality "1"]

1. e4 c5 2. Nf3 d6 3. Nc3 Nf6 4. d4 cxd4 5. Nxd4 a6 6. Be2 e5 7. Nb3 Be7 8. 0-0 0-0 9. Be3 Be6 10. Qd3 Nbd7 11. Nd5 Bxd5 12. exd5 Ne8 13. Qd2 h6 14. g3 a5 15. a4 Nef6 16. f3 Nb6 17. c4 Qc7 18. Bd3 Nbd7 19. Kg2 Rfe8 20. Rac1 b6 21. Rfe1 Bf8 22. Re2 Rab8 23. Bb1 h5 24. h3 Qb7 25. Ree1 g6 26. Qf2 Nc5 27. Bc2 Nxb3 28. Bxb3 Rbc8 29. Bd1 Bg7 30. b3 Nd7 31. Bc2 Nc5 32. g4 hxg4 33. hxg4 Qe7 34. g5 Qd7 35. Qh4 Kf8 36. Qg3 Ke7 37. Bd2 Rh8 38. f4 Kf8 39. Rh1 Rxh1 40. Rxh1 exf4 41. Bxf4 Re8 42. Kf1 Kg8 43. Rh2 Qe7 44. Qh4 Kf8 45. Qf2 Kg8 46. Qg3 Be5 47. Qh4 Bg7 48. Qh7+ Kf8 49. Qh4 Bc3 50. Qg3 Be5 51. Rh8+ Kg7 52. Bxe5+ dxe5 53. Rh2 1/2-1/2

[Event "RA-2013-0-00310"]
[Site "LSS email"]
[Date "2014.01.30"]
[Round "?"]
[White "Usmanoff, Rustam Pulatovich"]
[Black "Geiger, Walter"]
[Result "1/2-1/2"]
[WhiteElo "2122"]
[BlackElo "2100"]
[PlyCount "61"]
[EventDate "2013.12.29"]
[EventType "tourn (corr)"]
[EventRounds "6"]
[EventCountry "GER"]
[SourceTitle "Telechess CBM 167"]
[Source "ChessBase"]
[SourceDate "2015.07.13"]
[SourceVersion "1"]
[SourceVersionDate "2015.07.13"]
[SourceQuality "1"]

1. e4 e5 2. Nf3 Nc6 3. Bb5 Nf6 4. d3 Bc5 5. c3 0-0 6. 0-0 d6 7. Nbd2 a6 8. Bxc6 bxc6 9. d4 exd4 10. cxd4 Bb6 11. Qc2 Re8 12. e5 Nd5 13. Qxc6 Be6 14. Qa4 Bd7 15. Qc2 Nb4 16. Qc3 Nd5 17. Qb3 Nf4 18. Re1 Bc6 19. Ne4 dxe5 20. Nxe5 Bd5 21. Qf3 Bxd4 22. Bxf4 Bxe5 23. Rad1 Bxb2 24. Bxc7 Qxc7 25. Rxd5 Qc4 26. Rd2 Rad8 27. Qe2 Qc6 28. Rxd8 Rxd8 29. Qxb2 Qxe4 30. Qc3 Qd5 31. a4 1/2-1/2

[Event "RA-2013-0-00310"]
[Site "LSS email"]
[Date "2014.01.30"]
[Round "?"]
[White "Van Bommel, Ton"]
[Black "Usmanoff, Rustam Pulatovich"]
[Result "1/2-1/2"]
[WhiteElo "1912"]
[BlackElo "2122"]
[PlyCount "80"]
[EventDate "2013.12.29"]
[EventType "tourn (corr)"]
[EventRounds "6"]
[EventCountry "GER"]
[SourceTitle "Telechess CBM 167"]
[Source "ChessBase"]
[SourceDate "2015.07.13"]
[SourceVersion "1"]
[SourceVersionDate "2015.07.13"]
[SourceQuality "1"]

1. e4 c5 2. Ne2 d6 3. g3 g6 4. Bg2 Bg7 5. c3 Nf6 6. d4 0-0 7. 0-0 Qc7 8. Na3 Nc6 9. h3 Rd8 10. Be3 a6 11. b4 Nd7 12. Rb1 b5 13. d5 Na7 14. f4 Bb7 15. Qd2 e6 16. f5 exf5 17. exf5 Re8 18. Rf2 Nc8 19. fxg6 hxg6 20. c4 cxb4 21. Rxb4 Qa5 22. cxb5 axb5 23. Nxb5 Rxe3 24. Qxe3 Qxb4 25. Qe8+ Kh7 26. Qxd7 Qe1+ 27. Bf1 Bxd5 28. Nc7 Ra7 29. Qxc8 Bc4 30. Qd8 Bxe2 31. Qh4+ Bh5 32. Nb5 Ra5 33. Nxd6 Qd1 34. Nc4 g5 35. Qe4+ Bg6 36. Qe2 Qxe2 37. Rxe2 Ra7 38. Kg2 Bf5 39. g4 Be6 40. Rd2 Bc3 1/2-1/2

[Event "SA-2013-0-00390"]
[Site "LSS email"]
[Date "2014.01.21"]
[Round "?"]
[White "Usmanoff, Rustam Pulatovich"]
[Black "Panov, Sergey Ivanovich"]
[Result "1/2-1/2"]
[WhiteElo "2110"]
[BlackElo "2187"]
[PlyCount "48"]
[EventDate "2013.12.31"]
[EventType "tourn (corr)"]
[EventRounds "6"]
[EventCountry "GER"]
[SourceTitle "Telechess CBM 167"]
[Source "ChessBase"]
[SourceDate "2015.07.13"]
[SourceVersion "1"]
[SourceVersionDate "2015.07.13"]
[SourceQuality "1"]

1. e4 c5 2. Nf3 Nc6 3. d4 cxd4 4. Nxd4 Nf6 5. Nc3 e5 6. Ndb5 d6 7. Bg5 a6 8. Na3 b5 9. Nd5 Be7 10. Bxf6 Bxf6 11. c3 0-0 12. Nc2 Rb8 13. h4 Be7 14. Nce3 Be6 15. a4 Qd7 16. Be2 Bd8 17. axb5 axb5 18. h5 b4 19. 0-0 bxc3 20. bxc3 Ne7 21. Bc4 h6 22. Ra6 Bxd5 23. Nxd5 Nxd5 24. Bxd5 Bb6 1/2-1/2

[Event "ZL-2013-0-01383"]
[Site "LSS email"]
[Date "2014.01.05"]
[Round "?"]
[White "Usmanoff, Rustam Pulatovich"]
[Black "Lauer, Fredric"]
[Result "1-0"]
[WhiteElo "2123"]
[BlackElo "1081"]
[PlyCount "45"]
[EventDate "2013.12.30"]
[EventType "match (corr)"]
[EventRounds "2"]
[EventCountry "GER"]
[SourceTitle "Telechess CBM 167"]
[Source "ChessBase"]
[SourceDate "2015.07.13"]
[SourceVersion "1"]
[SourceVersionDate "2015.07.13"]
[SourceQuality "1"]

1. e4 c5 2. Nf3 Nc6 3. d4 cxd4 4. Nxd4 e5 5. Nb5 a6 6. Nd6+ Bxd6 7. Qxd6 Qf6 8. Qd1 Qg6 9. Nc3 Nge7 10. Be3 d6 11. Qd2 f5 12. 0-0-0 Be6 13. Qxd6 Rd8 14. Qc7 Rxd1+ 15. Nxd1 fxe4 16. Qxb7 0-0 17. Qxa6 Nb4 18. Qa4 Nxa2+ 19. Kb1 Nd5 20. Bc4 Qxg2 21. Re1 Nab4 22. Bc5 Rb8 23. Bxb4 1-0

[Event "ZL-2013-0-01376"]
[Site "LSS email"]
[Date "2013.12.29"]
[Round "?"]
[White "Usmanoff, Rustam Pulatovich"]
[Black "Csoma, Balint"]
[Result "1-0"]
[WhiteElo "2123"]
[BlackElo "1022"]
[PlyCount "33"]
[EventDate "2013.12.25"]
[EventType "match (corr)"]
[EventRounds "2"]
[EventCountry "GER"]
[SourceTitle "Telechess CBM 167"]
[Source "ChessBase"]
[SourceDate "2015.07.13"]
[SourceVersion "1"]
[SourceVersionDate "2015.07.13"]
[SourceQuality "1"]

1. e4 d6 2. d4 Nf6 3. Nc3 g6 4. f4 Bg7 5. Nf3 0-0 6. Bd3 Bg4 7. h3 Bxf3 8. Qxf3 c6 9. Be3 Nbd7 10. e5 Ne8 11. 0-0-0 e6 12. h4 dxe5 13. dxe5 Nc7 14. h5 Nd5 15. Nxd5 cxd5 16. hxg6 fxg6 17. Qh3 1-0

[Event "ZH-2013-0-01134"]
[Site "LSS email"]
[Date "2013.10.30"]
[Round "?"]
[White "Dehaybe, Andre"]
[Black "Usmanoff, Rustam Pulatovich"]
[Result "1/2-1/2"]
[WhiteElo "2153"]
[BlackElo "1164"]
[PlyCount "83"]
[EventDate "2013.10.25"]
[EventType "match (corr)"]
[EventRounds "2"]
[EventCountry "GER"]
[SourceTitle "Telechess CBM 163"]
[Source "ChessBase"]
[SourceDate "2014.11.11"]
[SourceVersion "2"]
[SourceVersionDate "2014.11.11"]
[SourceQuality "1"]

1. d4 Nf6 2. Nf3 d5 3. c4 c6 4. cxd5 cxd5 5. Nc3 Nc6 6. Bf4 Bf5 7. Qb3 Na5 8. Qa4+ Bd7 9. Qc2 e6 10. e3 Nh5 11. Bg5 f6 12. Bh4 g5 13. Bg3 Rc8 14. Nd2 Bb4 15. Be2 Nxg3 16. hxg3 Qe7 17. Kf1 Kf8 18. Rc1 Kg7 19. g4 Be8 20. g3 b5 21. Kg2 Nc4 22. Nxc4 bxc4 23. Qd2 Rc6 24. Bd1 Rb6 25. Bc2 h6 26. Rb1 Bf7 27. Rh3 Qb7 28. Rhh1 Rb8 29. f4 e5 30. Qf2 Qe7 31. Bf5 Bxc3 32. bxc3 Rxb1 33. Rxb1 Rxb1 34. Bxb1 e4 35. Qb2 Qd7 36. f5 h5 37. Bc2 hxg4 38. Bd1 Qxf5 39. Qb7 a5 40. Qc7 a4 41. a3 Qe6 42. Bxa4 1/2-1/2

[Event "ZH-2013-0-01132"]
[Site "LSS email"]
[Date "2013.10.29"]
[Round "?"]
[White "Torell, Harald"]
[Black "Usmanoff, Rustam Pulatovich"]
[Result "0-1"]
[WhiteElo "2115"]
[BlackElo "1164"]
[PlyCount "90"]
[EventDate "2013.10.17"]
[EventType "match (corr)"]
[EventRounds "2"]
[EventCountry "GER"]
[SourceTitle "Telechess CBM 163"]
[Source "ChessBase"]
[SourceDate "2014.11.11"]
[SourceVersion "2"]
[SourceVersionDate "2014.11.11"]
[SourceQuality "1"]

1. e4 c5 2. Nf3 Nc6 3. Bb5 g6 4. Bxc6 bxc6 5. d3 Bg7 6. 0-0 Nh6 7. Qe2 0-0 8. Nbd2 f6 9. Nb3 d6 10. d4 cxd4 11. Nbxd4 Qd7 12. Qc4+ Rf7 13. Nxc6 Qc7 14. Bxh6 Bxh6 15. Rfe1 Bb7 16. Nce5 e6 17. Qxc7 Rxc7 18. Ng4 Bg7 19. Nd4 Bc8 20. Ne3 f5 21. Rad1 f4 22. Nf1 e5 23. Nf3 Rxc2 24. Rxd6 Bg4 25. Rd2 Rac8 26. Rb1 Bxf3 27. gxf3 Bf8 28. Rbd1 Rxd2 29. Rxd2 Bb4 30. Rd1 h5 31. Kg2 Ba5 32. Rd5 Bb6 33. Rd3 Bd4 34. b3 Kf7 35. Nd2 Rc2 36. a3 Kf6 37. h4 g5 38. Kh3 gxh4 39. Kg2 Kg5 40. Kh3 a5 41. Kg2 Ra2 42. a4 h3+ 43. Kxh3 Rc2 44. Nc4 Rxf2 45. Nxa5 Be3 0-1